000
00271nam a22001097a 4500
008
230623b |||||||| |||| 00| 0 eng d
100
_a
Mayadhar, Mansinha
_9
8923
245
_a
History of oriya literature
260
_b
Sahity Akedmi,
_c
1962.
300
_a
282p
942
_c
BK
999
_c
38933
_d
38933